000 00460nam a2200157 i 4500
001 25806
003 ES-MaACL
005 20230906153334.0
007 t|
008 030103s1879 sp ||||1| spa d
100 1 _aArechavala, Francisco.
_922570
245 1 0 _aHoras tristes y alegres
_b: poesías /
_cFrancisco Arechavala.
260 _aMadrid :
_bImp. y Librería de Eduardo Martínez,
_c1879.
300 _a140 p. ;
_c20 cm.
852 _aES-MaACL
_jT-309-F-4
999 _c25806
_d25806